|
|
|
|
| LEADER |
00000cam a2200000 c 4500 |
| 001 |
211950726 |
| 003 |
DE-627 |
| 005 |
20250909143042.0 |
| 007 |
tu |
| 008 |
960619s1996 lu ||||| t 00| ||eng c |
| 020 |
|
|
|a 9282761584
|9 92-827-6158-4
|
| 024 |
3 |
|
|a 9789282761588
|
| 028 |
5 |
2 |
|a CE-91-95-584-EN-C
|
| 035 |
|
|
|a (DE-627)211950726
|
| 035 |
|
|
|a (DE-576)053129156
|
| 035 |
|
|
|a (DE-599)GBV211950726
|
| 035 |
|
|
|a (OCoLC)833053802
|
| 035 |
|
|
|a (OCoLC)247085012
|
| 035 |
|
|
|a (OCoLC)312223434
|
| 035 |
|
|
|a (DE-604)8107857707
|
| 040 |
|
|
|a DE-627
|b ger
|c DE-627
|e rakwb
|
| 041 |
|
|
|a eng
|
| 044 |
|
|
|c XA-LU
|c XP
|
| 084 |
|
|
|a MS 6410
|2 rvk
|0 (DE-625)rvk/123754:
|
| 088 |
|
|
|a CE-91-95-584-EN-C
|
| 111 |
2 |
|
|a International Congress on the Occasion of the European Drug Prevention Week
|d 1994
|c Aachen
|0 (DE-588)5177518-9
|0 (DE-627)212917668
|0 (DE-576)195765508
|4 aut
|
| 245 |
1 |
0 |
|a Evaluation of the European Drug Prevention Week 1994
|b technical report ; IPS, Paris, May 1995
|
| 264 |
|
1 |
|a Luxembourg
|b Office for official publications of the European Communities
|c 1996
|
| 300 |
|
|
|a 122 S
|b graph. Darst
|
| 336 |
|
|
|a Text
|b txt
|2 rdacontent
|
| 337 |
|
|
|a ohne Hilfsmittel zu benutzen
|b n
|2 rdamedia
|
| 338 |
|
|
|a Band
|b nc
|2 rdacarrier
|
| 490 |
0 |
|
|a Prevention of drug dependence
|
| 583 |
1 |
|
|a Archivierung prüfen
|c 20200919
|f DE-640
|z 2
|2 pdager
|
| 583 |
1 |
|
|a Archivierung prüfen
|c 20240324
|f DE-4165
|z 2
|2 pdager
|
| 650 |
|
7 |
|8 1.1\x
|a Droge
|0 (DE-627)091355370
|0 (DE-2867)14723-4
|2 stw
|
| 650 |
|
7 |
|8 1.2\x
|a Gesundheitspolitik
|0 (DE-627)091363365
|0 (DE-2867)16479-0
|2 stw
|
| 650 |
|
7 |
|8 1.3\x
|a EU-Staaten
|0 (DE-627)091358639
|0 (DE-2867)17983-5
|2 stw
|
| 655 |
|
4 |
|0 (DE-206)13
|a Amtsdruckschrift
|5 DE-206
|
| 655 |
|
7 |
|a Konferenzschrift
|0 (DE-588)1071861417
|0 (DE-627)826484824
|0 (DE-576)433375485
|2 gnd-content
|
| 655 |
|
7 |
|a Forschungsbericht
|0 (DE-588)4155043-2
|0 (DE-627)10467444X
|0 (DE-576)209815833
|2 gnd-content
|
| 689 |
0 |
0 |
|d b
|0 (DE-588)5098525-5
|0 (DE-627)132918269
|0 (DE-576)194702391
|a Europäische Union
|2 gnd
|
| 689 |
0 |
1 |
|d s
|0 (DE-588)4138597-4
|0 (DE-627)104577576
|0 (DE-576)209687398
|a Drogenabhängigkeit
|2 gnd
|
| 689 |
0 |
2 |
|d s
|0 (DE-588)4136584-7
|0 (DE-627)104331119
|0 (DE-576)209670436
|a Gesundheitsvorsorge
|2 gnd
|
| 689 |
0 |
3 |
|d s
|0 (DE-588)4120509-1
|0 (DE-627)104262591
|0 (DE-576)209535695
|a Internationaler Vergleich
|2 gnd
|
| 689 |
0 |
|
|5 (DE-627)
|
| 689 |
1 |
0 |
|d b
|0 (DE-588)5098525-5
|0 (DE-627)132918269
|0 (DE-576)194702391
|a Europäische Union
|2 gnd
|
| 689 |
1 |
1 |
|d s
|0 (DE-588)4138597-4
|0 (DE-627)104577576
|0 (DE-576)209687398
|a Drogenabhängigkeit
|2 gnd
|
| 689 |
1 |
2 |
|d s
|0 (DE-588)4136584-7
|0 (DE-627)104331119
|0 (DE-576)209670436
|a Gesundheitsvorsorge
|2 gnd
|
| 689 |
1 |
3 |
|a z
|2 gnd
|a Geschichte 1994
|
| 689 |
1 |
4 |
|d s
|0 (DE-588)4115645-6
|0 (DE-627)105812749
|0 (DE-576)209494948
|a Projekt
|2 gnd
|
| 689 |
1 |
|
|5 (DE-627)
|
| 710 |
2 |
|
|a Europäische Kommission
|b Direktion Gesundheit und Sicherheit am Arbeitsplatz
|0 (DE-588)2165121-8
|0 (DE-627)713311541
|0 (DE-576)196541999
|4 oth
|
| 889 |
|
|
|w (DE-627)257693149
|
| 889 |
|
|
|w (DE-627)27927307X
|
| 935 |
|
|
|i mdedup
|
| 935 |
|
|
|i Blocktest
|
| 936 |
r |
v |
|a MS 6410
|b Sucht, Selbstmord, Tabus, Alkoholismus
|k Soziologie
|k Spezielle Soziologien
|k Soziale Probleme
|k Sucht, Selbstmord, Tabus, Alkoholismus
|0 (DE-627)1271141701
|0 (DE-625)rvk/123754:
|0 (DE-576)201141701
|
| 936 |
r |
u |
|a PS 3884
|b Lebensmittelrecht, Arzneimittelrecht
|k Rechtswissenschaft
|k Europarecht; Recht der Europäischen Gemeinschaften bzw. der Europäischen Union und der sonstigen europäischen Organisationen; Europäische Rechtsvereinheitlichung
|k Europäisches Gemeinschaftsrecht
|k Rechtsangleichung und Rechtsvereinheitlichung im Rahmen der EG/EU. Rechtsvergleich in bezug auf das Recht der Mitgliedsstaaten
|k Besonderes Verwaltungsrecht
|k Lebensmittelrecht, Arzneimittelrecht
|0 (DE-627)1271249553
|0 (DE-576)201249553
|z Ungueltig
|
| 951 |
|
|
|a BO
|
| ELC |
|
|
|b 1
|
| LOK |
|
|
|0 000 xxxxxcx a22 zn 4500
|
| LOK |
|
|
|0 001 3130923756
|
| LOK |
|
|
|0 003 DE-627
|
| LOK |
|
|
|0 004 211950726
|
| LOK |
|
|
|0 005 20020416000000
|
| LOK |
|
|
|0 008 960729||||||||||||||||ger|||||||
|
| LOK |
|
|
|0 040
|a DE-21
|c DE-627
|d DE-21
|
| LOK |
|
|
|0 852
|a DE-21
|
| LOK |
|
|
|0 852 1
|c KB 8 E 6630
|9 00
|
| LOK |
|
|
|0 935
|a krim
|
| LOK |
|
|
|0 936ln
|a k9.7.6
|
| LOK |
|
|
|0 939
|a 29-07-96
|b l01
|
| ORI |
|
|
|a SA-MARC-krimdoka001.raw
|
| SIG |
|
|
|a UB: KB 8 E 6630
|
| TIM |
|
|
|a 100019940101_100019941231
|b Geschichte 1994
|